#5 troubleshooting techniques/Electronic troubleshooting/Electrical troubleshooting. (Record no. 108552)
[ view plain ]
| 000 -LEADER | |
|---|---|
| fixed length control field | 00313nam a2200109 a 4500 |
| 005 - DATE AND TIME OF LATEST TRANSACTION | |
| control field | 20140414093828.0 |
| 008 - FIXED-LENGTH DATA ELEMENTS--GENERAL INFORMATION | |
| fixed length control field | 970101s19uu xx 00 eng d |
| 050 ## - LIBRARY OF CONGRESS CALL NUMBER | |
| Classification number | VHS 600 |
| Item number | R 10 |
| 245 ## - TITLE STATEMENT | |
| Title | #5 troubleshooting techniques/Electronic troubleshooting/Electrical troubleshooting. |
| 942 ## - ADDED ENTRY ELEMENTS (KOHA) | |
| Koha item type | Audio Visual Materials |
| Withdrawn status | Lost status | Damaged status | Home library | Current library | Shelving location | Date acquired | Source of acquisition | Total Checkouts | Full call number | Barcode | Date last seen | Price effective from | Koha item type |
|---|---|---|---|---|---|---|---|---|---|---|---|---|---|
| Luxembourg Library | Luxembourg Library | Audio Visual Material Section | 04/29/2003 | VHS 600 R 10 | R60010 | 04/14/2014 | 04/14/2014 | Audio Visual Materials |